|
|
|
|
| LEADER |
00000nam0a2200000 4500 |
| 001 |
154382 |
| 005 |
20231101221748.0 |
| 010 |
|
|
|a 9785911317164
|b (в пер.)
|b 2000 экз.
|
| 021 |
|
|
|a RU
|b 08-71262
|9 08-4079
|
| 035 |
|
|
|a (RuTPU)RU\TPU\book\167459
|
| 090 |
|
|
|a 154382
|
| 100 |
|
|
|a 20081010d2009 m y0rusy5002 ca
|
| 101 |
0 |
|
|a rus
|
| 102 |
|
|
|a RU
|
| 105 |
|
|
|a a j 001zy
|
| 200 |
1 |
|
|a Управление качеством
|e учебник
|f Е. Н. Михеева, М. В. Сероштан
|
| 210 |
|
|
|a Москва
|c Дашков и Ко
|d 2009
|
| 215 |
|
|
|a 707 с.
|d 21 см.
|
| 320 |
|
|
|a Библиогр.: с. 630-638.
|
| 330 |
|
|
|a В учебнике рассматриваются сущность качества и менеджмента качества; эволюция форм и методов управления качеством; современные системы и методы менеджмента и т.д. Для студентов и преподавателей вузов товароведных и экономических специальностей
|
| 606 |
1 |
|
|a Качество продукции
|x Управление
|2 stltpush
|3 (RuTPU)RU\TPU\subj\14180
|9 40640
|
| 610 |
1 |
|
|a менеджмент качества
|
| 610 |
1 |
|
|a конкурентоспособность
|
| 610 |
1 |
|
|a формы
|
| 610 |
1 |
|
|a потребности
|
| 610 |
1 |
|
|a непродовольственные товары
|
| 610 |
1 |
|
|a продовольственные товары
|
| 610 |
1 |
|
|a услуги
|
| 610 |
1 |
|
|a правовое обеспечение
|
| 610 |
1 |
|
|a подтверждение соответствий
|
| 610 |
1 |
|
|a органы сертификации
|
| 610 |
1 |
|
|a аккредитация
|
| 610 |
1 |
|
|a организации
|
| 610 |
1 |
|
|a самооценка
|
| 610 |
1 |
|
|a национальные премии
|
| 610 |
1 |
|
|a TQM
|
| 610 |
1 |
|
|a управление качеством
|
| 610 |
1 |
|
|a стандарты
|
| 610 |
1 |
|
|a ИСО 9000:2000
|
| 610 |
1 |
|
|a аудит
|
| 610 |
1 |
|
|a статистические методы
|
| 610 |
1 |
|
|a принципы Деминга
|
| 610 |
1 |
|
|a принципы Джурана
|
| 610 |
1 |
|
|a принципы Кросби
|
| 610 |
1 |
|
|a учебники
|
| 610 |
1 |
|
|a товароведение
|
| 610 |
1 |
|
|a экспертное оценивание
|
| 675 |
|
|
|a 658.562(075.8)
|v 3
|
| 700 |
|
1 |
|a Михеева
|b Е. Н.
|g Екатерина Николаевна
|4 070
|
| 701 |
|
1 |
|a Сероштан
|b М. В.
|g Мария Васильевна
|4 070
|
| 801 |
|
1 |
|a RU
|b 63413507
|c 20090225
|g PSBO
|
| 801 |
|
2 |
|a RU
|b 63413507
|c 20210608
|g PSBO
|
| 900 |
|
|
|a Управление качеством
|
| 942 |
|
|
|c BK
|
| 951 |
|
|
|b 080401
|
| 959 |
|
|
|a 30/20090218
|d 2
|e 620,95
|f АНЛ:1
|f ЧЗКДП:1
|
| 959 |
|
|
|a 54/20090422
|d 2
|e 396,00
|f АНЛ:1
|f ЧЗТЛ:1
|